Hacia una apicultura moderna.
محفوظ في:
| المؤلف الرئيسي: | |
|---|---|
| التنسيق: | كتاب |
| اللغة: | الإسبانية |
| منشور في: |
Santiago, Chile
Universitaria
1995
|
| سلاسل: | Colección Nueva Técnica
|
| الموضوعات: | |
| الوسوم: |
إضافة وسم
لا توجد وسوم, كن أول من يضع وسما على هذه التسجيلة!
|
MARC
| LEADER | 00000nam a2200000 a 4500 | ||
|---|---|---|---|
| 001 | UCQ3437 | ||
| 003 | CL-VaPUC | ||
| 005 | 20250421164338.0 | ||
| 008 | 980821e19950000CL |||||||||||||||||spa|d | ||
| 999 | |c 274016 |d 274014 | ||
| 040 | |c Pontificia Universidad Católica de Valparaíso | ||
| 082 | 0 | 4 | |a 638.1 LES 1995 |2 21 |
| 100 | |a Lesser Preuss, Rodolfo |9 417589 | ||
| 245 | 1 | 0 | |a Hacia una apicultura moderna. |
| 260 | 0 | 3 | |a Santiago, Chile |b Universitaria |c 1995 |
| 300 | |a 189 páginas. | ||
| 490 | 0 | |a Colección Nueva Técnica | |
| 583 | |a last modification |c 19980821 00:00:00 |k Rodrigo Vera | ||
| 650 | 0 | |a Apicultura |9 264400 | |
| 650 | 0 | |a Abejas (Apoidea) |9 269522 | |
| 650 | 7 | |a MIEL |2 CL-VaPUC |9 406240 | |
| 650 | 0 | |a Comercialización |9 259326 | |
| 650 | 0 | |a Polinización |9 259680 | |
| 650 | 7 | |a JALEA REAL |2 CL-VaPUC |9 417588 | |
| 650 | 0 | |a Cosecha |9 259688 | |
| 942 | |c BK |2 ddc | ||
| 945 | |d 19980821 00:00:00 |a mvenant | ||